A magyar közigazgatás története - igazságügyi igazgatás képzés
A kurzust a hallgatók számára az ún. alapozó kurzusok keretei között hirdetjük meg. A hallgatók köztörténeti ismereteire alapozva, kifejezetten a magyar közigazgatás legfontosabb intézményeinek – a mai közigazgatási szervezetet is megalapozó – történeti fejlődését ismertetjük. A hangsúlyt a polgári...
Elmentve itt :
| Szerzők: | |
|---|---|
| Dokumentumtípus: | Vegyes gyűjtemény |
| Megjelent: |
2022-07-31
|
| Kulcsszavak: | alkotmánytörténet közigazgatási jog |
| Tárgyszavak: | |
| Online Access: | http://eta.bibl.u-szeged.hu/5800 |
| LEADER | 06151npc a2200649 i 4500 | ||
|---|---|---|---|
| 001 | eta5800 | ||
| 005 | 20230209083849.0 | ||
| 008 | 230209s2022 hu o 0|| hun d | ||
| 040 | |a SZTE Elektronikus Tananyag Archívum |b hun | ||
| 041 | |a hun | ||
| 100 | 1 | |a Pétervári Máté | |
| 245 | 1 | 2 | |a A magyar közigazgatás története - igazságügyi igazgatás képzés |h [elektronikus dokumentum] / |c Pétervári Máté |
| 246 | 1 | 0 | |a The history of the Hungarian public administration |h [elektronikus dokumentum] |
| 260 | |c 2022-07-31 | ||
| 520 | 3 | |a A kurzust a hallgatók számára az ún. alapozó kurzusok keretei között hirdetjük meg. A hallgatók köztörténeti ismereteire alapozva, kifejezetten a magyar közigazgatás legfontosabb intézményeinek – a mai közigazgatási szervezetet is megalapozó – történeti fejlődését ismertetjük. A hangsúlyt a polgári kori fejlődésre helyezzük, de figyelemmel kísérjük a rendi kor meghatározó jogforrásait is. A királyi vármegyék kialakulásától a mai közigazgatási struktúra történeti alapjainak bemutatásáig vezetik el az oktatók a kurzusra jelentkező hallgatókat. Az előadásokon azonos hangsúlyt kapnak a központi kormányzat, a középszintű és alsó szintű közigazgatási szervek átalakulása. A tantárgy hozzájárul a jelenkori közigazgatási rendszer történeti alapjainak megismeréséhez. | |
| 650 | 4 | |a Társadalomtudományok | |
| 650 | 4 | |a Jogtudomány | |
| 695 | |a alkotmánytörténet | ||
| 695 | |a közigazgatási jog | ||
| 700 | 0 | 1 | |a Varga Norbert |e aut |
| 856 | 4 | 0 | |u https://eta.bibl.u-szeged.hu/5800/1/1.1.%20bevezet%C3%A9s.pdf |z Dokumentum-elérés |
| 856 | 4 | 0 | |u https://eta.bibl.u-szeged.hu/5800/2/1.2.%20Bevezet%C3%A9s-alapfogalmak.mp4 |z Dokumentum-elérés |
| 856 | 4 | 0 | |u https://eta.bibl.u-szeged.hu/5800/3/1.3.%20%C3%A1llamalap%C3%ADt%C3%A1s.pdf |z Dokumentum-elérés |
| 856 | 4 | 0 | |u https://eta.bibl.u-szeged.hu/5800/4/1.4.%20%C3%81llamalap%C3%ADt%C3%A1s.mp4 |z Dokumentum-elérés |
| 856 | 4 | 0 | |u https://eta.bibl.u-szeged.hu/5800/5/1.5.%20jogforr%C3%A1s%20bemutat%C3%A1sa.pdf |z Dokumentum-elérés |
| 856 | 4 | 0 | |u https://eta.bibl.u-szeged.hu/5800/6/1.6.%20szakirodalom%20feldolgoz%C3%A1sa-Alapfogalmak.pdf |z Dokumentum-elérés |
| 856 | 4 | 0 | |u https://eta.bibl.u-szeged.hu/5800/7/2.1.%20kir%C3%A1ly%2C%20orsz%C3%A1gos%20m%C3%A9lt%C3%B3s%C3%A1gok.pdf |z Dokumentum-elérés |
| 856 | 4 | 0 | |u https://eta.bibl.u-szeged.hu/5800/8/2.2.%20Tr%C3%B3nbet%C3%B6lt%C3%A9s.mp4 |z Dokumentum-elérés |
| 856 | 4 | 0 | |u https://eta.bibl.u-szeged.hu/5800/9/2.3.%20k%C3%B6zponti%20szervek%20a%20rendi%20Magyarorsz%C3%A1gon.pdf |z Dokumentum-elérés |
| 856 | 4 | 0 | |u https://eta.bibl.u-szeged.hu/5800/10/2.4.%20Kir%C3%A1lyi%20tan%C3%A1cs%2C%20helytart%C3%B3tan%C3%A1cs.mp4 |z Dokumentum-elérés |
| 856 | 4 | 0 | |u https://eta.bibl.u-szeged.hu/5800/11/2.5.%20feladat-n%C3%A1dor%20%C3%A9s%20dikaszt%C3%A9rium.pdf |z Dokumentum-elérés |
| 856 | 4 | 0 | |u https://eta.bibl.u-szeged.hu/5800/12/2.6.%20szakirodalom%20feldolgoz%C3%A1sa-dikaszt%C3%A9rium.pdf |z Dokumentum-elérés |
| 856 | 4 | 0 | |u https://eta.bibl.u-szeged.hu/5800/13/3.1.%20v%C3%A1rmegye.pdf |z Dokumentum-elérés |
| 856 | 4 | 0 | |u https://eta.bibl.u-szeged.hu/5800/14/3.2.%20Nemesi%20v%C3%A1rmegye%20hat%C3%A1sk%C3%B6rei.mp4 |z Dokumentum-elérés |
| 856 | 4 | 0 | |u https://eta.bibl.u-szeged.hu/5800/15/3.3.%20SZKV%20%C3%A9s%20kiv.%20ker%C3%BCletek.pdf |z Dokumentum-elérés |
| 856 | 4 | 0 | |u https://eta.bibl.u-szeged.hu/5800/16/3.4.%20Szabad%20kir%C3%A1lyi%20v%C3%A1rosok.mp4 |z Dokumentum-elérés |
| 856 | 4 | 0 | |u https://eta.bibl.u-szeged.hu/5800/17/3.5.%20nemesi%20v%C3%A1rmegye-feladat.pdf |z Dokumentum-elérés |
| 856 | 4 | 0 | |u https://eta.bibl.u-szeged.hu/5800/18/3.6.%20szakirodalom%20feldolgoz%C3%A1sa-nemesi%20v%C3%A1rmegye.pdf |z Dokumentum-elérés |
| 856 | 4 | 0 | |u https://eta.bibl.u-szeged.hu/5800/19/4.1.%201848.III.tc.-kir%C3%A1ly.pdf |z Dokumentum-elérés |
| 856 | 4 | 0 | |u https://eta.bibl.u-szeged.hu/5800/20/4.2.%201848.III.tc.-miniszt%C3%A9rium.pdf |z Dokumentum-elérés |
| 856 | 4 | 0 | |u https://eta.bibl.u-szeged.hu/5800/21/4.3.%20Miniszteri%20felel%C5%91ss%C3%A9g.mp4 |z Dokumentum-elérés |
| 856 | 4 | 0 | |u https://eta.bibl.u-szeged.hu/5800/22/4.4.%201848.%20%C3%A9vi%20t%C3%B6rv%C3%A9nyek%20%C3%A9s%20a%20neoabszolutizmus%20%C3%A1llamszervezete.pdf |z Dokumentum-elérés |
| 856 | 4 | 0 | |u https://eta.bibl.u-szeged.hu/5800/23/4.5.%201848.%20%C3%A9vi%20k%C3%B6zigazgat%C3%A1si%20t%C3%B6rv%C3%A9nyek.mp4 |z Dokumentum-elérés |
| 856 | 4 | 0 | |u https://eta.bibl.u-szeged.hu/5800/24/4.6.%201848.III.tc.-feladat.pdf |z Dokumentum-elérés |
| 856 | 4 | 0 | |u https://eta.bibl.u-szeged.hu/5800/25/4.7.%20szakirodalom%20feldolgoz%C3%A1sa-1848.III.%20tc..pdf |z Dokumentum-elérés |
| 856 | 4 | 0 | |u https://eta.bibl.u-szeged.hu/5800/26/5.1.%20Kiegyez%C3%A9s.mp4 |z Dokumentum-elérés |
| 856 | 4 | 0 | |u https://eta.bibl.u-szeged.hu/5800/27/5.2.%20t%C3%B6rv%C3%A9nyhat%C3%B3s%C3%A1gok.pdf |z Dokumentum-elérés |
| 856 | 4 | 0 | |u https://eta.bibl.u-szeged.hu/5800/28/5.3.%20T%C3%B6rv%C3%A9nyhat%C3%B3s%C3%A1gok.mp4 |z Dokumentum-elérés |
| 856 | 4 | 0 | |u https://eta.bibl.u-szeged.hu/5800/29/5.4.%20k%C3%B6zs%C3%A9gek.pdf |z Dokumentum-elérés |
| 856 | 4 | 0 | |u https://eta.bibl.u-szeged.hu/5800/30/5.5.%201870.XLII.%20tc.-feladat.pdf |z Dokumentum-elérés |
| 856 | 4 | 0 | |u https://eta.bibl.u-szeged.hu/5800/31/5.6.%20szakirodalom%20feldolgoz%C3%A1sa-1870.XLII.%20tc..pdf |z Dokumentum-elérés |
| 856 | 4 | 0 | |u https://eta.bibl.u-szeged.hu/5800/32/6.1.%20Horthy-korszak%20v%C3%A9grehajt%C3%A1si%20szervezete.pdf |z Dokumentum-elérés |
| 856 | 4 | 0 | |u https://eta.bibl.u-szeged.hu/5800/33/6.2.%20A%20korm%C3%A1nyz%C3%B3%20jog%C3%A1ll%C3%A1sa.mp4 |z Dokumentum-elérés |
| 856 | 4 | 0 | |u https://eta.bibl.u-szeged.hu/5800/34/6.3.%201929.XXX.%20tc..mp4 |z Dokumentum-elérés |
| 856 | 4 | 0 | |u https://eta.bibl.u-szeged.hu/5800/35/6.4.%20szocialista%20%C3%A1llamszervezet.pdf |z Dokumentum-elérés |
| 856 | 4 | 0 | |u https://eta.bibl.u-szeged.hu/5800/36/6.5.%20Horthy-korszak-feladat_V.N.-P.M.pdf |z Dokumentum-elérés |
| 856 | 4 | 0 | |u https://eta.bibl.u-szeged.hu/5800/37/6.6.%20szakirodalom%20feldolgoz%C3%A1sa-Horthy-korszak.pdf |z Dokumentum-elérés |